| 000 | 01413nam a2200313 i 4500 | ||
|---|---|---|---|
| 003 | EG-ScBUE | ||
| 005 | 20231115145329.0 | ||
| 008 | 231115s1995 u f b 000 0aara d | ||
| 017 | _a1995 / 8492 | ||
| 020 | _a9770145297 | ||
| 040 |
_aEG-ScBUE _bara _erda _cEG-ScBUE _dEG-ScBUE |
||
| 082 | 0 | 4 |
_222 _a962.04092 _bهـ ل ب |
| 100 | 1 |
_aهلباوي، إبراهيم، _d1858-1940، _eمؤلف. |
|
| 245 | 1 | 0 |
_aمذكرات إبراهيم الهلباوي : _bتاريخ حياة إبراهيم الهلباوي بك، 1858-1940 / _cتحقيق د. عصام ضياء الدين ؛ تقديم د. عبد العظيم رمضان |
| 264 | 1 |
_aالقاهرة : _bالهيئة المصرية العامة للكتاب، _c1995. |
|
| 300 |
_a459 صفحة ؛ _c24 سم |
||
| 336 |
_2rdacontent _aنص _btxt |
||
| 337 |
_aبدون وسيط _2rdamedia _bn |
||
| 338 |
_aمجلد _bnc _2rdacarrier |
||
| 504 | _aيشتمل على إرجاعات ببليوجرافية. | ||
| 541 |
_aألف باء؛ _cشراء ؛ |
||
| 600 | 1 | 7 |
_916111 _aهلباوي، إبراهيم _d1858-1940. _2BUEsh |
| 650 | 7 |
_916114 _aالمحامون المصريون _vتراجم. _2BUEsh |
|
| 650 | 7 |
_aالسياسيون المصريون. _vتراجم. _2BUEsh |
|
| 655 | _vReading book | ||
| 700 | 1 |
_916110 _aضياء الدين، عصام، _eمحقق. |
|
| 700 | 1 |
_916116 _aرمضان، عبد العظيم، _eمقدم. |
|
| 942 |
_2ddc _cBB |
||
| 999 |
_c14449 _d14449 |
||